MARC details
| 000 -LEADER |
| campo de control de longitud fija |
01301nam a22002897a 4500 |
| 003 - IDENTIFICADOR DE NÚMERO DE CONTROL |
| campo de control |
OSt |
| 005 - FECHA Y HORA DE LA ÚLTIMA TRANSACCIÓN |
| campo de control |
20230516110527.0 |
| 008 - DATOS DE LONGITUD FIJA--INFORMACIÓN GENERAL |
| campo de control de longitud fija |
230516b |||||||| |||| 00| 0 eng d |
| 040 ## - FUENTE DE CATALOGACIÓN |
| Centro/agencia transcriptor |
Lado V |
| 082 ## - NÚMERO DE LA CLASIFICACIÓN DECIMAL DEWEY |
| Número de edición |
708 |
| Número de clasificación |
K82f |
| 100 ## - ENTRADA PRINCIPAL--NOMBRE DE PERSONA |
| 9 (RLIN) |
826 |
| Nombre de persona |
Kontova, Helena |
| Término indicativo de función/relación |
editora |
| 245 ## - MENCIÓN DEL TÍTULO |
| Título |
FlashArt/ |
| 260 ## - PUBLICACIÓN, DISTRIBUCIÓN, ETC. |
| Lugar de publicación, distribución, etc. |
Australia |
| -- |
Austria |
| -- |
Belgica |
| -- |
Canada |
| -- |
Francia |
| -- |
Alemania |
| -- |
Gran Bretaña |
| -- |
Holanda |
| -- |
Italia |
| -- |
España |
| -- |
Irlanda |
| Nombre del editor, distribuidor, etc. |
GEA POLITI |
| Fecha de publicación, distribución, etc. |
2004 |
| 300 ## - DESCRIPCIÓN FÍSICA |
| Extensión |
128p. |
| Dimensiones |
20.5x27.5cm |
| 490 ## - MENCIÓN DE SERIE |
| Mención de serie |
237 |
| Designación de volumen o secuencia |
XXXVII |
| Número Internacional Normalizado para Publicaciones Seriadas |
0394-1493 |
| 505 ## - NOTA DE CONTENIDO CON FORMATO |
| Nota de contenido con formato |
Flash Art News |
| Título |
Gazing at the New Europe<br/><br/>Group Shows<br/><br/>Theory<br/><br/>Cityscape Helsinki<br/><br/>New York, New York<br/><br/>London Eye<br/><br/>Aperto Poland<br/><br/>Replay |
| 505 ## - NOTA DE CONTENIDO CON FORMATO |
| Nota de contenido con formato |
Features |
| Título |
Sophie von Hellermann<br/><br/>The Wedding<br/><br/>John Baldessari<br/><br/>My Files of Movie Stills<br/><br/>Political Minimalism<br/><br/>Maurizio Cattelan<br/><br/>Was will Europa<br/><br/>Angeo Figus |
| 505 ## - NOTA DE CONTENIDO CON FORMATO |
| Nota de contenido con formato |
Global Art |
| Mención de responsabilidad |
Pavel Braila |
| 505 ## - NOTA DE CONTENIDO CON FORMATO |
| Nota de contenido con formato |
Ouvertures |
| Mención de responsabilidad |
Harrell Fletcher<br/> |
| 505 ## - NOTA DE CONTENIDO CON FORMATO |
| Nota de contenido con formato |
Spotlights |
| Título |
Localismos |
| 505 ## - NOTA DE CONTENIDO CON FORMATO |
| Nota de contenido con formato |
Flash Art Reviews |
| 650 ## - PUNTO DE ACCESO ADICIONAL DE MATERIA--TÉRMINO DE MATERIA |
| Fuente del encabezamiento o término |
Tesauro de Arte & Arquitectura |
| Término de materia o nombre geográfico como elemento de entrada |
CATALOGO |
| 650 ## - PUNTO DE ACCESO ADICIONAL DE MATERIA--TÉRMINO DE MATERIA |
| Fuente del encabezamiento o término |
Tesauro de Arte & Arquitectura |
| Término de materia o nombre geográfico como elemento de entrada |
REVISTA |
| 650 ## - PUNTO DE ACCESO ADICIONAL DE MATERIA--TÉRMINO DE MATERIA |
| Fuente del encabezamiento o término |
Tesauro de Arte & Arquitectura |
| Término de materia o nombre geográfico como elemento de entrada |
ARTE INTERNACIONAL |
| 650 ## - PUNTO DE ACCESO ADICIONAL DE MATERIA--TÉRMINO DE MATERIA |
| Fuente del encabezamiento o término |
Tesauro de Arte & Arquitectura |
| Término de materia o nombre geográfico como elemento de entrada |
CRITICA |
| 942 ## - ELEMENTOS DE ENTRADA SECUNDARIOS (KOHA) |
| Fuente del sistema de clasificación o colocación |
Clasificación Decimal Dewey |
| Tipo de ítem Koha |
Libros |
| Parte de la signatura que corresponde a la clasificación (Parte de la clasificación) |
708 |
| Parte de la signatura que identifica el ejemplar (Parte del ítem) |
K82f |
| Suprimir en OPAC |
No |